00625nam a2200121Ia 4500008004100000020001800041100008200059245019700141260002700338650002000365650007800385856004000463171212s9999 xx 000 0 und d a9780833037732 aFarley, Donna O.;Cretin, Shan;Vernez, Georges;Pieklik, Suzanne;Quiter, Elaine cFarley, Donna O.;Cretin, Shan;Vernez, Georges;Pieklik, Suzanne;Quiter, ElaineaImplementation of the Asthma Practice Guideline in the Army Medical DepartmentbEvaluation of Process and Effects bRAND Corporationc2005 aHealth Sciences aUnited States. Army -- Medical care; Asthma -- Treatment -- United States uwww.jstor.org/stable/10.7249/mg319a